000 00634nam a22002057a 4500
005 20251108163347.0
008 250721s1997 xx 000 0 ara d
082 1 4 _a343.209565/محم
100 1 _aنمور، محمد سعيد
245 1 0 _aفي الجرائم الواقعة على الأموال في قانون العقوبات الأردني /
264 1 _aالكرك :
_bجامعة مؤته،
_c1997.
300 _a390ص
650 1 7 _aالقانون الجنائي
650 1 7 _aالعقوبات
650 1 7 _aالجريمة
650 1 7 _aالمجرمون
650 1 7 _aالأردن
942 _2ddc
_cBK
999 _c721
_d721